000 00499nam a2200169 4500
001 132433
003 ES-MaACL
005 20230906194157.0
007 t|
008 070214s1965 sp r ||||1| spa d
100 1 _aRomagosa Vila, José Antonio.
_999203
245 1 0 _aExplotación moderna del ganado lanar /
_cJosé Antonio Romagosa Vila.
250 _a1ª. ed.
260 _aSalamanca :
_bEd. Veterinaria,
_c1965.
300 _a54 p. :
_bil. ;
_c24 cm.
852 _aES-MaACL
_jC-28671
_bR.57949
999 _c132433
_d132433